Statistics for NFL Trivia: Single Season Yds from Scrimmage

Click here to take the quiz!

General Stats

  • This quiz has been taken 739 times
  • The average score is 10 of 20

Answer Stats

YearHintAnswer% Correct
20122314Adrian Peterson
80%
20092509Chris Johnson
78%
20032370LaDainian Tomlinson
74%
20062323LaDainian Tomlinson
74%
19982227Marshall Faulk
74%
19992429Marshall Faulk
74%
19972358Barry Sanders
73%
19842244Eric Dickerson
69%
19982225Terrell Davis
54%
20032271Jamal Lewis
49%
19752243O.J. Simpson
49%
20022287Priest Holmes
44%
20002303Edgerrin James
42%
20062334Steven Jackson
38%
19852314Marcus Allen
35%
20022216Ricky Williams
28%
20032250Ahman Green
26%
20052390Tiki Barber
26%
20102220Arian Foster
20%
19842229James Wilder
4%

Score Distribution

Percentile by Number Answered

Percent of People with Each Score

Your Score History

You have not taken this quiz